000 00850nam a22002657a 4500
001 BR9606358
003 BR-BrBNA
005 20230928095301.0
007 ta
008 230509b bl.||||| |||| 00| 0 por d
040 _aBR-BrBNA
_bpor
_cBiblioteca Nacional de Agricultura
041 _a(Por)
072 _aH20
_b4120
090 _ 4120 BR9606358
100 1 _aSilva, I.F.
110 1 _aEscola Superior de Agricultura Luiz de Queiroz, Piracicaba, SP (Brasil)
_0Tese (Doutor em Agronomia)
245 1 _aCaracterizacao genetica por RAPD de recombinantes em Trichoderma pseudokoningii
260 3 _aPiracicaba, SP (Brasil):
_c1996.
300 _a121 p.
500 _a20 illus.; 15 tables; Summaries (Eng, Por); Bibliography p. 98-108
650 _aFungo
650 _aAnalise Quimica
909 _a202309
_bLucia
_c55
_dLucia Elande
942 _cBK
999 _c55639
_d55639